[Event "SVK-chT1E 1920"]
[Site "Slovakia"]
[Date "2019.12.07"]
[Round "5.6"]
[White "Rajnak, Daniel"]
[Black "Sandor, Samuel"]
[Result "1-0"]
[WhiteElo "2123"]
[BlackElo "1917"]
[PlyCount "55"]
[EventDate "2019.10.12"]
[EventType "team-tourn"]
[EventRounds "11"]
[EventCountry "SVK"]
[SourceTitle "CBM 194 Extra"]
[Source "ChessBase"]
[SourceDate "2020.03.31"]
[SourceVersion "1"]
[SourceVersionDate "2020.03.31"]
[SourceQuality "1"]
[WhiteTeam "Humenne Reinter II"]
[BlackTeam "Michalovce Zemplin"]
[WhiteTeamCountry "SVK"]
[BlackTeamCountry "SVK"]

1. d4 d5 2. Nf3 Nf6 3. e3 c5 4. b3 Nc6 5. Bb2 e6 6. Be2 Bd6 7. 0-0 0-0 8. Nbd2 Qe7 9. c4 Rd8 10. Qb1 e5 11. cxd5 Nxd5 12. Bb5 cxd4 13. Bxc6 bxc6 14. exd4 exd4 15. Re1 Qd7 16. Bxd4 c5 17. Be5 Bxe5 18. Rxe5 Bb7 19. Qf1 Rac8 20. Ree1 Nb4 21. Qc4 Ba6 22. Qc3 Qf5 23. Re5 Qd3 24. Qxd3 Rxd3 25. a3 Nc2 26. Rc1 Nxa3 27. Rcxc5 Rxc5 28. Re8# 1-0

[Event "SVK-chT2D 1617"]
[Site "Slovakia"]
[Date "2016.11.06"]
[Round "4.1"]
[White "Rajnak, Daniel"]
[Black "Balazs, Ladislav"]
[Result "1/2-1/2"]
[WhiteElo "2126"]
[BlackElo "2087"]
[PlyCount "108"]
[EventDate "2016.10.08"]
[EventType "team-tourn"]
[EventRounds "11"]
[EventCountry "SVK"]
[SourceTitle "EXT 2018"]
[Source "ChessBase"]
[SourceDate "2017.10.13"]
[SourceVersion "1"]
[SourceVersionDate "2017.10.13"]
[SourceQuality "1"]
[WhiteTeam "Humenne Reinter II"]
[BlackTeam "Kosice Dynamo"]
[WhiteTeamCountry "SVK"]
[BlackTeamCountry "SVK"]

1. d4 c5 2. Nf3 cxd4 3. Nxd4 Nf6 4. g3 g6 5. Bg2 Bg7 6. 0-0 0-0 7. c4 d6 8. Nc3 Nc6 9. Nxc6 bxc6 10. Bxc6 Rb8 11. Bg2 Qa5 12. Nb5 Bd7 13. Nd4 Rfc8 14. b3 Ne8 15. Bb2 Qb6 16. Rb1 a6 17. e3 h5 18. h4 Nf6 19. Ne2 Bf5 20. Ra1 Rd8 21. Nc3 e6 22. Qe2 d5 23. Na4 Qc7 24. cxd5 Bg4 25. Qxa6 Nxd5 26. Bxg7 Kxg7 27. Rac1 Qe7 28. Qc4 Qf6 29. e4 Rbc8 30. Qb5 Rb8 31. Qc5 Nb4 32. Ra1 Be2 33. Rfe1 Nd3 34. Qe3 Nxe1 35. Rxe1 Bb5 36. e5 Qe7 37. Nc5 Rbc8 38. b4 Bc4 39. a4 Bd5 40. Bxd5 Rxd5 41. a5 Rb8 42. Qc3 Qd8 43. Rb1 Qc8 44. Rc1 Qc6 45. a6 Rbd8 46. Qf3 Qb6 47. Rc4 Kg8 48. Qf6 Qc6 49. Re4 Ra8 50. Kh2 Rd1 51. g4 hxg4 52. h5 gxh5 53. Qg5+ Kf8 54. Qh6+ Ke7 1/2-1/2

[Event "SVK-chT2D 1617"]
[Site "Slovakia"]
[Date "2016.11.05"]
[Round "3.1"]
[White "Zambor, Norbert"]
[Black "Rajnak, Daniel"]
[Result "1-0"]
[WhiteElo "2306"]
[BlackElo "2126"]
[PlyCount "63"]
[EventDate "2016.10.08"]
[EventType "team-tourn"]
[EventRounds "11"]
[EventCountry "SVK"]
[SourceTitle "EXT 2018"]
[Source "ChessBase"]
[SourceDate "2017.10.13"]
[SourceVersion "1"]
[SourceVersionDate "2017.10.13"]
[SourceQuality "1"]
[WhiteTeam "Kosice 1 CC"]
[BlackTeam "Humenne Reinter II"]
[WhiteTeamCountry "SVK"]
[BlackTeamCountry "SVK"]

1. e4 e6 2. d4 d5 3. Bd3 dxe4 4. Bxe4 Nf6 5. Bf3 c5 6. Ne2 Nbd7 7. 0-0 cxd4 8. Nxd4 Ne5 9. Be3 Nxf3+ 10. Qxf3 Qd5 11. Qe2 Bd7 12. Nc3 Qa5 13. Nb3 Qc7 14. Rfd1 a6 15. Rd4 Bc6 16. Bf4 Qb6 17. a4 Rc8 18. a5 Qa7 19. Qe3 Qa8 20. Be5 Be7 21. Qg5 h6 22. Qg3 Kf8 23. Rad1 Nh5 24. Qh3 Nf6 25. R1d3 Rg8 26. Rf4 Rd8 27. Nd4 Qc8 28. Nxc6 Qxc6 29. Rxd8+ Bxd8 30. Qd3 Qd7 31. Rd4 Nd5 32. Nxd5 1-0

[Event "SVK-chT 1516"]
[Site "Slovakia"]
[Date "2016.04.10"]
[Round "11.1"]
[White "Meszaros, Michal"]
[Black "Rajnak, Daniel"]
[Result "1/2-1/2"]
[WhiteElo "2388"]
[BlackElo "2148"]
[PlyCount "157"]
[EventDate "2015.10.10"]
[EventType "team-tourn"]
[EventRounds "11"]
[EventCountry "SVK"]
[SourceTitle "EXT 2017"]
[Source "ChessBase"]
[SourceDate "2016.10.25"]
[SourceVersion "1"]
[SourceVersionDate "2016.10.25"]
[SourceQuality "1"]
[WhiteTeam "Dunajska Streda"]
[BlackTeam "Humenne Reinter"]
[WhiteTeamCountry "SVK"]
[BlackTeamCountry "SVK"]

1. c4 e6 2. Nf3 Nf6 3. g3 b6 4. Bg2 Bb7 5. 0-0 c5 6. Nc3 Be7 7. Re1 d5 8. cxd5 Nxd5 9. e4 Nb4 10. d4 cxd4 11. Nxd4 N8c6 12. Be3 0-0 13. Re2 Nxd4 14. Bxd4 Nc6 15. Rd2 Nxd4 16. Rxd4 Qe8 17. e5 Bxg2 18. Kxg2 Rd8 19. Rxd8 Qxd8 20. Qe2 Qa8+ 21. Qf3 Qb8 22. Qe4 Rd8 23. Rd1 Rxd1 24. Nxd1 b5 25. h4 h6 26. Nc3 b4 27. Nd1 Bc5 28. b3 Qb6 29. Nb2 Bxf2 30. Nc4 Qd4 31. Qe2 Bxg3 32. Kxg3 Qa1 33. Kg2 Qd4 34. Kg3 Qa1 35. Qf2 a5 36. Kg2 Qc3 37. Qd2 Qa1 38. Qd8+ Kh7 39. Qd3+ g6 40. Qd2 Kg7 41. Qf2 Qd1 42. Nd6 Qd5+ 43. Qf3 Qxe5 44. Qxf7+ Kh8 45. Ne8 Qd5+ 46. Qf3 Qd2+ 47. Qf2 Qd5+ 48. Kg1 Qd1+ 49. Kh2 Kg8 50. Nf6+ Kg7 51. Ne4 Kg8 52. Qd2 Qa1 53. Qd8+ Kf7 54. Nd6+ Kg7 55. Qe7+ Kh8 56. Qe8+ Kh7 57. Qe7+ Kh8 58. Nf7+ Kg8 59. Nxh6+ Kh8 60. Nf7+ Kg8 61. Qe8+ Kh7 62. Ng5+ Kh6 63. Qxe6 Qxa2+ 64. Kg3 a4 65. Nf3 Qxb3 66. Qxb3 axb3 67. Kg4 b2 68. Nd2 Kh7 69. Kg5 Kg7 70. Nb1 Kh7 71. h5 gxh5 72. Kxh5 Kg7 73. Kg5 Kf7 74. Kf5 Ke7 75. Ke5 Kf7 76. Kd4 Kf6 77. Kc4 b3 78. Kxb3 Ke6 79. Kxb2 1/2-1/2

[Event "SVK-chT 1516"]
[Site "Slovakia"]
[Date "2015.11.22"]
[Round "4.3"]
[White "Rajnak, Daniel"]
[Black "Bombek, Peter"]
[Result "0-1"]
[WhiteElo "2148"]
[BlackElo "2157"]
[PlyCount "80"]
[EventDate "2015.10.10"]
[EventType "team-tourn"]
[EventRounds "11"]
[EventCountry "SVK"]
[SourceTitle "EXT 2017"]
[Source "ChessBase"]
[SourceDate "2016.10.25"]
[SourceVersion "1"]
[SourceVersionDate "2016.10.25"]
[SourceQuality "1"]
[WhiteTeam "Humenne Reinter"]
[BlackTeam "Dubnica nad Vahom"]
[WhiteTeamCountry "SVK"]
[BlackTeamCountry "SVK"]

1. d4 d5 2. Nf3 Nf6 3. e3 c5 4. Be2 e6 5. 0-0 Bd6 6. b3 0-0 7. Bb2 b6 8. c4 Bb7 9. cxd5 exd5 10. Ne5 Qe7 11. Nd2 Rd8 12. Qe1 Nc6 13. Ndf3 Ne4 14. Bb5 Rac8 15. Nxc6 Bxc6 16. Bxc6 Rxc6 17. Ne5 Bxe5 18. dxe5 c4 19. Bd4 Rdc8 20. f3 Nc5 21. Qd1 b5 22. f4 Ne4 23. f5 Qg5 24. b4 c3 25. Qd3 a6 26. a4 Nd2 27. axb5 axb5 28. Qxb5 Qd8 29. Qd3 Nxf1 30. Rxf1 Qh4 31. b5 Rh6 32. h3 c2 33. Rc1 Qe4 34. Qxe4 dxe4 35. b6 Rhc6 36. Kf2 Kf8 37. Kg3 Rc4 38. Bb2 Ke8 39. Ba3 Rb8 40. Kf4 Rxb6 0-1

[Event "SVK-chT1E 1415"]
[Site "Slovakia"]
[Date "2015.03.15"]
[Round "11.6"]
[White "Rajnak, Daniel"]
[Black "Hros, Roman"]
[Result "0-1"]
[WhiteElo "2170"]
[BlackElo "2111"]
[PlyCount "94"]
[EventDate "2014.10.18"]
[EventType "team-tourn"]
[EventRounds "11"]
[EventCountry "SVK"]
[SourceTitle "EXT 2016"]
[Source "ChessBase"]
[SourceDate "2015.10.08"]
[SourceVersion "1"]
[SourceVersionDate "2015.10.08"]
[SourceQuality "1"]
[WhiteTeam "Humenne"]
[BlackTeam "Liptov Chess School II"]
[WhiteTeamCountry "SVK"]
[BlackTeamCountry "SVK"]

1. d4 Nf6 2. Nf3 e6 3. b3 b6 4. e3 Bb7 5. Be2 d5 6. 0-0 Bd6 7. Bb2 Ne4 8. Nbd2 f5 9. Ne5 0-0 10. f3 Nxd2 11. Qxd2 Nd7 12. Bb5 Bxe5 13. dxe5 c6 14. Be2 Qc7 15. Qd4 a5 16. a4 Rad8 17. Rad1 Nb8 18. Qf4 Ba6 19. c4 Qe7 20. Bc3 h6 21. h4 Qa3 22. Rb1 Nd7 23. Bd4 Nc5 24. Rfe1 Rb8 25. cxd5 Bxe2 26. Rxe2 cxd5 27. Rc2 Rfc8 28. Rc3 Qa2 29. Rbc1 Qe2 30. Bxc5 Rxc5 31. Rxc5 bxc5 32. Rxc5 Rxb3 33. Kh2 Qxe3 34. Rc8+ Kh7 35. Qxe3 Rxe3 36. f4 Re4 37. Rc6 Rxf4 38. h5 Rxa4 39. Rxe6 Re4 40. Re8 a4 41. Kg3 d4 42. Kf3 d3 43. Rd8 Rxe5 44. Rxd3 Ra5 45. Ra3 Kg8 46. Kf4 Kf7 47. g4 Kf6 0-1

[Event "SVK-chT2D 1314"]
[Site "Slovakia"]
[Date "2013.10.19"]
[Round "1.1"]
[White "Rajnak, Daniel"]
[Black "Tauber, Marek"]
[Result "1/2-1/2"]
[WhiteElo "2188"]
[BlackElo "2179"]
[PlyCount "20"]
[EventDate "2013.10.19"]
[EventType "team-tourn"]
[EventRounds "11"]
[EventCountry "SVK"]
[SourceTitle "EXT 2015"]
[Source "ChessBase"]
[SourceDate "2014.11.20"]
[SourceVersion "1"]
[SourceVersionDate "2014.11.20"]
[SourceQuality "1"]
[WhiteTeam "Humenne II"]
[BlackTeam "Spisska Nova Ves"]
[WhiteTeamCountry "SVK"]
[BlackTeamCountry "SVK"]

1. d4 f5 2. Nf3 Nf6 3. e3 e6 4. h3 d5 5. c4 c6 6. Bd3 Bd6 7. 0-0 0-0 8. Bc2 Ne4 9. Ne5 Nd7 10. f4 Ndf6 1/2-1/2

[Event "SVK-chT1E 1011"]
[Site "Slovakia"]
[Date "2011.03.19"]
[Round "8"]
[White "Rajnak, Daniel"]
[Black "Hlavac, Peter"]
[Result "1-0"]
[WhiteElo "2207"]
[BlackElo "1987"]
[PlyCount "77"]
[EventDate "2010.11.06"]
[EventType "team-tourn"]
[EventRounds "11"]
[EventCountry "SVK"]
[SourceTitle "EXT 2012"]
[Source "ChessBase"]
[SourceDate "2011.11.24"]
[SourceVersion "1"]
[SourceVersionDate "2011.11.24"]
[SourceQuality "1"]
[WhiteTeam "Kosice Slavia II"]
[BlackTeam "Rajecke Teplice"]
[WhiteTeamCountry "SVK"]
[BlackTeamCountry "SVK"]

1. d4 Nf6 2. Nf3 g6 3. Nbd2 d5 4. e3 Bg7 5. c4 0-0 6. Be2 c5 7. b3 Nc6 8. Bb2 cxd4 9. Nxd4 Ne5 10. 0-0 dxc4 11. Nxc4 Nxc4 12. Bxc4 Bd7 13. Qe2 a6 14. a4 Qb8 15. h3 e5 16. Nf3 Ne4 17. Bd5 Nc5 18. Rac1 Ne6 19. Rfd1 Ra7 20. Ba3 Rc8 21. Rxc8+ Qxc8 22. Rc1 Qd8 23. Qd2 Bf6 24. Qb4 b5 25. axb5 Bxb5 26. Bxe6 fxe6 27. Qc5 Rd7 28. Bb2 Rd5 29. Qc2 Bd3 30. Qc6 Rd6 31. Qc8 Be4 32. Qxd8+ Rxd8 33. Bxe5 Be7 34. Rc7 Kf8 35. Nd4 Bd5 36. e4 Bxe4 37. Nxe6+ Ke8 38. Nxd8 Kxd8 39. Rc4 1-0

[Event "SVK-chT2D 0910"]
[Site "Slovakia"]
[Date "2009.12.12"]
[Round "5.6"]
[White "Krak, Tomas"]
[Black "Rajnak, Daniel"]
[Result "1-0"]
[WhiteElo "2202"]
[BlackElo "2208"]
[PlyCount "129"]
[EventDate "2009.10.10"]
[EventType "team"]
[EventRounds "11"]
[EventCountry "SVK"]
[SourceTitle "EXT 2011"]
[Source "ChessBase"]
[SourceDate "2010.11.26"]
[SourceVersion "1"]
[SourceVersionDate "2010.11.26"]
[SourceQuality "1"]
[WhiteTeam "Kosice Slavia III"]
[BlackTeam "Humenne"]
[WhiteTeamCountry "SVK"]
[BlackTeamCountry "SVK"]

1. d4 d5 2. c4 e6 3. Nf3 Nf6 4. g3 b6 5. Bg2 Bb7 6. 0-0 c5 7. cxd5 Nxd5 8. Ne5 Nd7 9. Qa4 cxd4 10. Rd1 Bd6 11. Nc6 Qc7 12. Bxd5 exd5 13. Nxd4 Be5 14. Nc3 a6 15. Be3 0-0 16. Nf5 Nf6 17. Bd4 b5 18. Qb3 Bxd4 19. Nxd4 Qe7 20. a3 Rac8 21. Rd3 Rfe8 22. Rad1 Ne4 23. Nxe4 dxe4 24. R3d2 Qf6 25. Nc2 h5 26. Ne3 Rc5 27. Qb4 Rec8 28. Rd7 Ba8 29. Qd4 Qxd4 30. R1xd4 g6 31. h4 Rc1+ 32. Rd1 Kg7 33. Kf1 Rxd1+ 34. Nxd1 Rc2 35. Ke1 a5 36. Rd2 Rxd2 37. Kxd2 Kf6 38. Kc3 Ke5 39. b4 a4 40. Ne3 Bd5 41. Ng2 f6 42. Ne3 Be6 43. Nc2 g5 44. Nd4 Bd7 45. e3 Kd5 46. Ne2 Bh3 47. Nd4 Bf1 48. Nf5 Ke5 49. Nd4 gxh4 50. gxh4 f5 51. Nc6+ Kd5 52. Ne7+ Ke6 53. Ng6 Bc4 54. Nf4+ Ke5 55. Nxh5 Bg8 56. Nf4 Bc4 57. Ng6+ Kf6 58. h5 Kg5 59. Nf4 Kg4 60. Kd4 Bg8 61. Ke5 Bh7 62. Nd5 Kf3 63. Nf6 f4 64. Nxh7 fxe3 65. fxe3 1-0

[Event "SVK-chT1E 0910"]
[Site "Slovakia"]
[Date "2009.11.15"]
[Round "4.1"]
[White "Jelen, Peter"]
[Black "Rajnak, Daniel"]
[Result "0-1"]
[WhiteElo "2180"]
[BlackElo "2208"]
[PlyCount "70"]
[EventDate "2009.10.17"]
[EventType "team"]
[EventRounds "11"]
[EventCountry "SVK"]
[SourceTitle "EXT 2011"]
[Source "ChessBase"]
[SourceDate "2010.11.26"]
[SourceVersion "1"]
[SourceVersionDate "2010.11.26"]
[SourceQuality "1"]
[WhiteTeam "Liptov"]
[BlackTeam "Kosice Slavia II"]
[WhiteTeamCountry "SVK"]
[BlackTeamCountry "SVK"]

1. c4 e6 2. Nf3 d5 3. g3 Nf6 4. Bg2 c6 5. d4 Nbd7 6. Nbd2 Be7 7. 0-0 0-0 8. b3 b6 9. Bb2 Bb7 10. Ne5 Rc8 11. Ndf3 c5 12. dxc5 Nxc5 13. Nd4 Qc7 14. Nb5 Qb8 15. cxd5 Bxd5 16. Bxd5 Nxd5 17. Nd3 Bf6 18. Bxf6 Nxf6 19. b4 Nxd3 20. Qxd3 a6 21. Nc3 Rfd8 22. Qf3 Rc4 23. Rab1 Qe5 24. Rb3 Rdc8 25. Rd1 h5 26. Na4 Nd5 27. Kg2 h4 28. Nb2 Rc2 29. e4 Nf6 30. Nd3 Qxe4 31. Qxe4 Nxe4 32. Ra3 Rd8 33. Rxa6 Nxf2 34. Nxf2 Rxd1 35. Ra3 h3+ 0-1

[Event "SVK-chT2D 0809"]
[Site "Slovakia"]
[Date "2008.10.12"]
[Round "2.3"]
[White "Garancovsky, Pavol"]
[Black "Rajnak, Daniel"]
[Result "0-1"]
[WhiteElo "2163"]
[BlackElo "2198"]
[PlyCount "131"]
[EventDate "2008.10.11"]
[EventType "team-tourn"]
[EventRounds "11"]
[EventCountry "SVK"]
[SourceTitle "EXT 2010"]
[Source "ChessBase"]
[SourceDate "2010.11.25"]
[SourceVersion "1"]
[SourceVersionDate "2010.11.25"]
[SourceQuality "1"]
[WhiteTeam "Presov Prvy Sk"]
[BlackTeam "Humenne Reinter"]
[WhiteTeamCountry "SVK"]
[BlackTeamCountry "SVK"]

1. d4 d5 2. Nf3 Nf6 3. g3 e6 4. Bg2 c5 5. c4 Nc6 6. 0-0 dxc4 7. Qa4 Qa5 8. Qxc4 b5 9. Qc3 b4 10. Qb3 Ba6 11. dxc5 Bxc5 12. Be3 Nd5 13. Bxc5 Qxc5 14. Nbd2 0-0 15. Rac1 Qb5 16. Nc4 Na5 17. Nxa5 Qxa5 18. Nd4 Qb6 19. Rc6 Qa5 20. Rfc1 Bb7 21. R1c5 Qd8 22. Bxd5 Bxc6 23. Nxc6 Qd6 24. Qxb4 exd5 25. Rc1 Qe6 26. e3 Kh8 27. Nd4 Qe4 28. Qb7 Rab8 29. Qxa7 Rxb2 30. Qa3 Rbb8 31. Qc5 h5 32. a4 Rfd8 33. a5 Qg4 34. a6 Rdc8 35. Qa3 Rxc1+ 36. Qxc1 Qd7 37. Qc6 Qxc6 38. Nxc6 Rb6 39. a7 Ra6 40. h4 g6 41. Nb4 Ra1+ 42. Kg2 d4 43. Nc2 Rxa7 44. Nxd4 Ra2 45. Nb5 Kg7 46. Kf3 Kf6 47. Nc3 Rb2 48. Nd5+ Ke5 49. Nf4 Rd2 50. Ne2 Ra2 51. Nc3 Ra3 52. Ne2 Ra6 53. Nf4 Rf6 54. Kg2 Ke4 55. Nh3 Kd3 56. Nf4+ Kd2 57. Nd5 Rd6 58. e4 Kd3 59. Kf3 Kd4 60. Kf4 Re6 61. f3 Ra6 62. g4 hxg4 63. Kxg4 Ke5 64. Nb4 Rd6 65. Nc2 Rd3 66. Nb4 0-1

[Event "SVK-chT1E 0708"]
[Site "Slovakia"]
[Date "2007.12.09"]
[Round "6.1"]
[White "Rajnak, Daniel"]
[Black "Lasanda, Michal"]
[Result "0-1"]
[WhiteElo "2196"]
[BlackElo "2165"]
[PlyCount "72"]
[EventDate "2007.10.13"]
[EventType "team-swiss"]
[EventRounds "11"]
[EventCountry "SVK"]
[SourceTitle "EXT 2009"]
[Source "ChessBase"]
[SourceDate "2008.11.26"]
[SourceVersion "1"]
[SourceVersionDate "2008.11.26"]
[SourceQuality "1"]
[WhiteTeam "Kosice Slavia UPJS II"]
[BlackTeam "Michalovce Zemplin"]
[WhiteTeamCountry "SVK"]
[BlackTeamCountry "SVK"]

1. d4 Nf6 2. Nf3 e6 3. b3 b6 4. Bb2 d5 5. e3 Bb7 6. Be2 Be7 7. 0-0 0-0 8. Nbd2 Ne4 9. Nxe4 dxe4 10. Nd2 Nd7 11. c4 f5 12. Qc2 c5 13. Qc3 Bf6 14. f3 exf3 15. Bxf3 Qc7 16. Qc2 g6 17. Bxb7 Qxb7 18. Nf3 Rad8 19. Rad1 Qc7 20. e4 Rfe8 21. exf5 exf5 22. d5 Ne5 23. Nxe5 Bxe5 24. Bxe5 Rxe5 25. Qc3 Rde8 26. Qg3 Qe7 27. Rd3 Qf7 28. a4 Qf6 29. h3 Re4 30. Rfd1 Qe7 31. Kh2 Qd7 32. Ra1 Qg7 33. Ra2 Re1 34. a5 Qh6 35. axb6 Qc1 36. Qc7 f4 0-1